| 000 | 00765nam a22002057a 4500 | ||
|---|---|---|---|
| 999 |
_c17189 _d17189 |
||
| 003 | AR-CdUCM | ||
| 008 | 190507b ||||| |||| 00| 0 spa d | ||
| 040 |
_aMUNICIPALIDAD PROVINCIAL DEL CUSCO _cBIBLIOTECA MUNICIPAL DEL CUSCO |
||
| 082 |
_a985.002 / _b LL62 |
||
| 100 |
_aLlosa P., Jorge Guillermo _937057 |
||
| 245 | _aVisión sintética del Perú / | ||
| 260 |
_aLima : _bEds. Tawantinsuyu, _c1959. |
||
| 300 |
_a127 paginas ; _bIlustraciones, _c17 cm. |
||
| 505 | _aContenido : La tierra y el hombre -- Síntesis de la historia del Perú -- El estado peruano -- Perfil económico -- Noticia sobre la cultura peruana... | ||
| 650 |
_aEnsayos _91010 |
||
| 650 |
_aPerú _935 |
||
| 650 |
_aHistoria _9246 |
||
| 942 |
_2ddc _cLIBROS |
||
| 945 |
_awnts _d2019-05-7 |
||